Online
Catalog

Manual de consultas ortográficas / (Record no. 49148)

MARC details
000 -CABECERA
campo de control de longitud fija 01262nam a2200265 a 4500
001 - NÚMERO DE CONTROL
campo de control
003 - IDENTIFICADOR DEL NÚMERO DE CONTROL
campo de control DO-SdBNP
005 - FECHA Y HORA DE LA ÚLTIMA TRANSACCIÓN
campo de control 20211001141309.0
008 - DATOS DE LONGITUD FIJA--INFORMACIÓN GENERAL
campo de control de longitud fija 110706s 2005 dr 000 0 spa d
020 ## - NÚMERO INTERNACIONAL ESTÁNDAR DEL LIBRO
Número Internacional Estándar del Libro 9993423882
040 ## - FUENTE DE LA CATALOGACIÓN
Centro catalogador/agencia de origen DO-SdBNP
Lengua de catalogación spa
Centro/agencia transcriptor BNPHU
049 ## - FONDOS LOCALES (OCLC)
Fondos de biblioteca
082 #4 - NÚMERO DE LA CLASIFICACIÓN DECIMAL DEWEY
Número de clasificación BNPHU 461.52
Número de documento/Ítem Z88m
100 1# - ENTRADA PRINCIPAL--NOMBRE DE PERSONA
Nombre de persona Zorrilla, Mercedes
9 (RLIN) 36378
245 10 - MENCIÓN DE TÍTULO
Título Manual de consultas ortográficas /
Mención de responsabilidad, etc. Mercedes Zorrilla.
250 ## - MENCIÓN DE EDICIÓN
Mención de edición 2a. ed.
260 ## - PUBLICACIÓN, DISTRIBUCIÓN, ETC.
Lugar de publicación, distribución, etc. Santo Domingo :
Nombre del editor, distribuidor, etc. Amigo del Hogar,
Fecha de publicación, distribución, etc. 2005.
300 ## - DESCRIPCIÓN FÍSICA
Extensión 79 p. ;
Dimensiones 16 cm.
505 ## - NOTA DE CONTENIDO CON FORMATO
Nota de contenido con formato Uso de la letra "b" -- Uso de la letra "v" -- Las letras "c", "q", "s", "z". Las terminaciones "cion", "sion", "xion", "ccion", la doble "c" (cc) -- Las letras "g", y "j" 18 -- La letra "h" -- Las letras "i", "y", "ll" -- Las letras" r-rr" -- Usos de la "x" -- Combinaciones "mn", "nm", "nn" -- Uso de mayúsculas -- Abreviaturas, siglas, acrónimos -- Homófonas en una y dos palabras -- Expresiones que se escriben en una o más palabras 47 -- Los números cardinales -- El acento ortográfico -- Signos de puntuación.
590 ## - NOTA LOCAL (RLIN)
Nota local Inventariado,2020/VM
650 14 - PUNTO DE ACCESO ADICIONAL DE MATERIA--TÉRMINO DE MATERIA
Término de materia o nombre geográfico como elemento de entrada Lengua española
Subdivisión general Gramática
Subdivisión de forma Manuales
9 (RLIN) 77299
650 14 - PUNTO DE ACCESO ADICIONAL DE MATERIA--TÉRMINO DE MATERIA
Término de materia o nombre geográfico como elemento de entrada Español
Subdivisión general Ortografía
9 (RLIN) 1453
910 ## - DATOS DE OPCIÓN DEL USUARIO (OCLC)
Datos de opción del usuario VMateo
942 ## - ELEMENTOS DE PUNTO DE ACCESO ADICIONAL (KOHA)
Fuente del sistema de clasificación o colocación Dewey Decimal Classification
Tipo de ítem Koha Libro
Holdings
Estado de retiro Estado de pérdida Fuente del sistema de clasificación o colocación No para préstamo Código de colección Localización permanente Ubicación/localización actual Fecha de adquisición Fuente de adquisición Total de préstamos Signatura topográfica completa Código de barras Fecha visto por última vez Precio válido a partir de Tipo de ítem Koha Número de copia
    Dewey Decimal Classification Excluido de préstamo Monografías: Libros y Folletos Biblioteca Nacional Pedro Henríquez Ureña Patrimonio Dominicano 18.11.2020 José Espinal   BNPHU PD 461.52 Z88m 2020-0524 18.11.2020 18.11.2020 Libro  
    Dewey Decimal Classification Excluido de préstamo Monografías: Libros y Folletos Biblioteca Nacional Pedro Henríquez Ureña Patrimonio Dominicano 18.11.2020 Amaury Victoria   BNPHU PD 461.52 Z88m 2020-0525 18.11.2020 18.11.2020 Libro e.2

Powered by Koha